The great arc : (Record no. 530130)
[ view plain ]
| 000 -LEADER | |
|---|---|
| fixed length control field | 01198cam a2200277 a 4500 |
| 001 - CONTROL NUMBER | |
| control field | 11958605 |
| 005 - DATE AND TIME OF LATEST TRANSACTION | |
| control field | 20191010165152.0 |
| 008 - FIXED-LENGTH DATA ELEMENTS--GENERAL INFORMATION | |
| fixed length control field | 000330s2000 nyu 001 0 eng |
| 010 ## - LIBRARY OF CONGRESS CONTROL NUMBER | |
| LC control number | 00038292 |
| 020 ## - INTERNATIONAL STANDARD BOOK NUMBER | |
| International Standard Book Number | 0060195185 (acidfree paper) |
| 040 ## - CATALOGING SOURCE | |
| Original cataloging agency | DLC |
| Transcribing agency | DLC |
| Modifying agency | DLC |
| 082 00 - DEWEY DECIMAL CLASSIFICATION NUMBER | |
| Classification number | 526.10954 |
| Author Mark | KEA |
| 100 1# - MAIN ENTRY--PERSONAL NAME | |
| Personal name | Keay, John. |
| 9 (RLIN) | 12806 |
| 245 14 - TITLE STATEMENT | |
| Title | The great arc : |
| Remainder of title | the dramatic tale of how India was mapped and Everest was named / |
| Statement of responsibility, etc. | John Keay. |
| 250 ## - EDITION STATEMENT | |
| Edition statement | 1st American ed. |
| 260 ## - PUBLICATION, DISTRIBUTION, ETC. | |
| Place of publication, distribution, etc. | New York : |
| Name of publisher, distributor, etc. | HarperCollins, |
| Date of publication, distribution, etc. | c2000. |
| 300 ## - PHYSICAL DESCRIPTION | |
| Extent | xxi, 182 p. : |
| Other physical details | ill., maps ; |
| Dimensions | 22 cm. |
| 500 ## - GENERAL NOTE | |
| General note | Includes index. |
| 610 10 - SUBJECT ADDED ENTRY--CORPORATE NAME | |
| Corporate name or jurisdiction name as entry element | India. |
| Subordinate unit | Great Trigonometrical Survey |
| General subdivision | History. |
| 9 (RLIN) | 23477 |
| 650 #0 - SUBJECT ADDED ENTRY--TOPICAL TERM | |
| Topical term or geographic name entry element | Geodesy |
| Geographic subdivision | India |
| General subdivision | History |
| Chronological subdivision | 19th century. |
| 9 (RLIN) | 23478 |
| 650 #0 - SUBJECT ADDED ENTRY--TOPICAL TERM | |
| Topical term or geographic name entry element | Geodesy |
| Geographic subdivision | Himalaya Mountains |
| General subdivision | History |
| Chronological subdivision | 19th century. |
| 9 (RLIN) | 23479 |
| 651 #0 - SUBJECT ADDED ENTRY--GEOGRAPHIC NAME | |
| Geographic name | India |
| Form subdivision | Surveys |
| General subdivision | History |
| Chronological subdivision | 19th century. |
| 9 (RLIN) | 23480 |
| 651 #0 - SUBJECT ADDED ENTRY--GEOGRAPHIC NAME | |
| Geographic name | Himalaya Mountains |
| Form subdivision | Surveys |
| General subdivision | History |
| Chronological subdivision | 19th century. |
| 9 (RLIN) | 23481 |
| 942 ## - ADDED ENTRY ELEMENTS (KOHA) | |
| Source of classification or shelving scheme | |
| Koha item type | Book |
| Withdrawn status | Lost status | Source of classification or shelving scheme | Damaged status | Not for loan | Permanent Location | Current Location | Date acquired | Total Checkouts | Total Renewals | Full call number | Barcode | Checked out | Date last seen | Date last checked out | Price effective from | Koha item type |
|---|---|---|---|---|---|---|---|---|---|---|---|---|---|---|---|---|
| School of Civil and Environmental Engineering (SCEE) | School of Civil and Environmental Engineering (SCEE) | 10/10/2019 | 3 | 1 | 526.10954 KEA | NIT-10113 | 12/21/2021 | 11/04/2020 | 11/04/2020 | 10/10/2019 | Book |
